[Event "USCL Week 9"]
[Site "Internet Chess Club"]
[Date "2015.10.21"]
[Round "?"]
[White "Wheeler, Cameron"]
[Black "Moradiabadi, Elshan"]
[Result "0-1"]
[WhiteElo "2425"]
[BlackElo "2647"]
[PlyCount "108"]
[EventDate "2015.??.??"]

1. d4 e6 2. c4 Nf6 3. g3 d5 4. Nf3 dxc4 5. Bg2 Nc6 6. Qa4 Bb4+ 7. Bd2 Nd5 8.
Bxb4 Ndxb4 9. O-O Rb8 10. Nc3 a6 11. Ne5 O-O 12. Bxc6 Nxc6 13. Nxc6 bxc6 14.
Qxc4 Qd6 15. b3 Rb4 16. Ne4 Qxd4 17. Qxd4 Rxd4 18. f3 f5 19. Nc5 e5 20. Kf2 Rf6
21. Rfd1 Rh6 22. Rxd4 exd4 23. Kg2 Kf7 24. Rc1 Rd6 25. Nd3 Kf6 26. Rc5 g5 27.
Kf2 g4 28. f4 Ke7 29. Ne5 Bb7 30. Rc4 a5 31. b4 axb4 32. Rxb4 Ba6 33. Rxd4 c5
34. Ra4 Rh6 35. Kg1 Bxe2 36. Ra5 c4 37. Rc5 Ra6 38. Rxc7+ Kd6 39. Rd7+ Kc5 40.
Kf2 Rxa2 41. Ke3 Bf1 42. Rc7+ Kb4 43. Nc6+ Kc3 44. Nd4 Rxh2 45. Rb7 Bd3 46.
Nb5+ Kc2 47. Na3+ Kd1 48. Kd4 Ke1 49. Nxc4 Bxc4 50. Kxc4 Kf2 51. Rb3 Rh1 52.
Kd4 Re1 53. Rb5 Re4+ 54. Kd3 Kxg3 0-1

[Event "USCL Week 9"]
[Site "Internet Chess Club"]
[Date "2015.10.21"]
[Round "?"]
[White "Studen, Damir"]
[Black "Krasik, Ilya"]
[Result "1-0"]
[WhiteElo "2344"]
[BlackElo "2276"]
[PlyCount "171"]
[EventDate "2015.??.??"]

1. d4 Nf6 2. Nf3 g6 3. g3 Bg7 4. Bg2 O-O 5. O-O d5 6. c4 c6 7. b3 Bf5 8. Bb2
Nbd7 9. Nbd2 Ne4 10. Nh4 Nxd2 11. Qxd2 Be6 12. cxd5 cxd5 13. Nf3 Nf6 14. Qb4
Qb6 15. Qxe7 Rac8 16. Ba3 Rfe8 17. Qb4 Qa6 18. Bc1 Bf8 19. Qd2 Ne4 20. Qd3 Bf5
21. Qxa6 bxa6 22. Be3 Ba3 23. Nh4 Be6 24. Bf3 Rc2 25. Ng2 Nc3 26. Nf4 Rd8 27.
Bc1 Bf8 28. a4 Rb8 29. Nxe6 fxe6 30. Bf4 Rxb3 31. e3 Bb4 32. Bb8 Ba3 33. Bxa7
Bb2 34. Bd1 Nxd1 35. Raxd1 Ra3 36. Bc5 Rxa4 37. Rd3 Ra2 38. Rb3 Bc1 39. Rb1 Bb2
40. e4 dxe4 41. Rbe1 a5 42. Rxe4 Kf7 43. Rfe1 Rc1 44. Rf4+ Ke8 45. Rxc1 Bxc1
46. Rf8+ Kd7 47. Rf7+ Kc6 48. Re7 Kd5 49. Rd7+ Kc4 50. Rxh7 a4 51. Re7 Kd5 52.
Rd7+ Kc4 53. Rd6 e5 54. Ba7 Ra1 55. Kg2 e4 56. Rc6+ Kd5 57. Rc5+ Kd6 58. Bb8+
Kd7 59. d5 Ba3 60. Rc7+ Kd8 61. Rc4 Bb2 62. Rxe4 a3 63. Ra4 Rd1 64. Bd6 Rd3 65.
Kf1 Kc8 66. Ke2 Rb3 67. Bc5 Rc3 68. Bf8 Rc2+ 69. Kf1 Bd4 70. Bxa3 Rxf2+ 71. Ke1
Bb6 72. Rb4 Ba7 73. Rc4+ Kd7 74. d6 Bb6 75. Rc7+ Bxc7 76. Kxf2 Bxd6 77. Bxd6
Kxd6 78. Kf3 Ke5 79. Kg4 Kf6 80. Kf4 g5+ 81. Ke4 Kg6 82. g4 Kf6 83. Kd5 Kf7 84.
Ke5 Kg6 85. Ke6 Kg7 86. Kf5 1-0

[Event "USCL Week 9"]
[Site "Internet Chess Club"]
[Date "2015.10.21"]
[Round "?"]
[White "Foisor, Sabina"]
[Black "Banik, Siddharth"]
[Result "1/2-1/2"]
[WhiteElo "2358"]
[BlackElo "2258"]
[PlyCount "152"]
[EventDate "2015.??.??"]

1. d4 Nf6 2. c4 g6 3. Nc3 Bg7 4. e4 d6 5. Nf3 O-O 6. Be2 e5 7. O-O Nc6 8. d5
Ne7 9. b4 a5 10. Ba3 axb4 11. Bxb4 b6 12. a4 Re8 13. a5 c5 14. dxc6 Nxc6 15.
Bxd6 Nd4 16. Bxe5 Nxf3+ 17. Bxf3 Qxd1 18. Rfxd1 Rxe5 19. axb6 Rb8 20. Rd8+ Re8
21. Rad1 Be6 22. Rxb8 Rxb8 23. c5 Nd7 24. c6 Nxb6 25. Nd5 Nc8 26. g3 Be5 27.
Bg2 g5 28. f4 gxf4 29. gxf4 Bxd5 30. Rxd5 Bxf4 31. e5 Ne7 32. c7 Rb1+ 33. Kf2
Rc1 34. Rd7 Kf8 35. Bb7 Bxe5 36. Rxe7 Kxe7 37. c8=Q Rxc8 38. Bxc8 Bxh2 39. Kg2
Bc7 40. Bf5 h6 41. Bb1 f6 42. Bf5 Bf4 43. Kf3 Bg5 44. Kg2 Kd6 45. Kh1 Ke5 46.
Bh7 Kf4 47. Bg6 Kg3 48. Kg1 Be3+ 49. Kh1 Bf2 50. Bh7 h5 51. Bg6 h4 52. Bh7 Ba7
53. Bf5 Kf4 54. Bc8 Ke5 55. Bh3 Kf4 56. Bc8 Kf3 57. Bh3 Kg3 58. Bc8 h3 59. Bd7
h2 60. Bc8 Bg1 61. Bd7 Kf4 62. Bc8 Ke5 63. Bh3 Kd6 64. Bg4 Kd5 65. Bh3 Kd4 66.
Bg4 Ke3 67. Bh3 Kf4 68. Bc8 Kg3 69. Bd7 Kh4 70. Bc8 Kg5 71. Bd7 f5 72. Bxf5
Kxf5 73. Kg2 Kg4 74. Kh1 Kh4 75. Kg2 Kg4 76. Kh1 Kh3 1/2-1/2

[Event "USCL Week 9"]
[Site "Internet Chess Club"]
[Date "2015.10.21"]
[Round "?"]
[White "Inapuri, Ramya"]
[Black "Swindell, Shawn"]
[Result "1-0"]
[WhiteElo "2248"]
[BlackElo "2088"]
[PlyCount "69"]
[EventDate "2015.??.??"]

1. g3 e5 2. Bg2 d5 3. d4 e4 4. c4 c6 5. Nc3 Bb4 6. Qb3 Bxc3+ 7. bxc3 Nf6 8. Ba3
dxc4 9. Qxc4 Be6 10. Qc5 Nbd7 11. Qg5 h6 12. Qd2 Nb6 13. Nh3 Nc4 14. Qc1 g5 15.
Ng1 Bd5 16. e3 Nd7 17. Bf1 Qf6 18. Rb1 b6 19. Rb4 b5 20. Rb1 h5 21. h4 g4 22.
Ne2 Ndb6 23. Nf4 Qf5 24. Be2 Rh6 25. O-O Na4 26. Bd1 Nab6 27. Ra1 Qd7 28. Bc5
a5 29. a4 Nxa4 30. Bxa4 bxa4 31. Rxa4 Rb8 32. Re1 f5 33. Ra1 Qf7 34. Rb1 Rh8
35. Rxb8+ 1-0

[Event "USCL Week 9"]
[Site "Internet Chess Club"]
[Date "2015.10.21"]
[Round "?"]
[White "Stukopin, Andrey"]
[Black "Sevillano, Enrico"]
[Result "1-0"]
[WhiteElo "2682"]
[BlackElo "2526"]
[PlyCount "87"]
[EventDate "2015.??.??"]

1. e4 e6 2. d4 d5 3. Nc3 Nf6 4. Bg5 dxe4 5. Nxe4 Be7 6. Bxf6 gxf6 7. Nf3 f5 8.
Nc3 a6 9. Qe2 b5 10. O-O-O b4 11. Na4 Bb7 12. Ne5 Bd5 13. Qh5 Rf8 14. Nc5 c6
15. Bc4 Bxc5 16. dxc5 Ra7 17. Rhe1 Re7 18. g4 fxg4 19. Nxg4 Kd7 20. Nf6+ Kc8
21. Bxd5 cxd5 22. Qg4 Kb7 23. Qxb4+ Ka8 24. Ne4 Rb7 25. Qa3 Qe7 26. Nd6 Qg5+
27. Kb1 Ra7 28. c4 Nc6 29. cxd5 exd5 30. Qa4 Ne7 31. f4 Qf6 32. Rd4 Rg8 33.
Rxe7 Rg1+ 34. Kc2 Rg2+ 35. Kc3 Qxe7 36. Qc6+ Rb7 37. Qxa6+ Kb8 38. Qxb7+ Qxb7
39. Nxb7 Kxb7 40. Rxd5 Rxh2 41. Rf5 Kc6 42. a4 Rh1 43. b4 Rc1+ 44. Kb2 1-0

[Event "USCL Week 9"]
[Site "Internet Chess Club"]
[Date "2015.10.21"]
[Round "?"]
[White "Zherebukh, Yaroslav"]
[Black "Margvelashvili, Giorgi"]
[Result "1-0"]
[WhiteElo "2724"]
[BlackElo "2607"]
[PlyCount "83"]
[EventDate "2015.??.??"]

1. e4 c6 2. d4 d5 3. e5 Bf5 4. Nf3 e6 5. Be2 Nd7 6. O-O f6 7. c4 fxe5 8. dxe5
Bc5 9. Nc3 a6 10. Be3 Bxe3 11. fxe3 Ne7 12. Nd4 Qb8 13. g4 Bg6 14. Nxe6 Qxe5
15. cxd5 cxd5 16. Nxd5 Rc8 17. Ndf4 Qxe3+ 18. Kh1 Be4+ 19. Bf3 Rc2 20. Nxg7+
Kd8 21. Nge6+ Kc8 22. Ng2 Qd3 23. Qxd3 Bxd3 24. Rfd1 Ne5 25. Rac1 Nxf3 26.
Rxc2+ Bxc2 27. Rc1 Nc6 28. Rxc2 Re8 29. Ngf4 Kb8 30. Rf2 Nh4 31. h3 Ne5 32. Kh2
Nd3 33. Nxd3 Rxe6 34. Kg3 Ng6 35. Nf4 Re3+ 36. Rf3 Rxf3+ 37. Kxf3 Nf8 38. Ke4
Kc7 39. Kf5 Kd6 40. Kf6 Nd7+ 41. Kg7 Ke5 42. Nh5 1-0

[Event "USCL Week 9"]
[Site "Internet Chess Club"]
[Date "2015.10.21"]
[Round "?"]
[White "Finegold, Spencer"]
[Black "Atoufi, Pedram"]
[Result "1-0"]
[WhiteElo "2187"]
[BlackElo "2368"]
[PlyCount "67"]
[EventDate "2015.??.??"]

1. Nf3 Nf6 2. c4 g6 3. Nc3 Bg7 4. g3 b6 5. Bg2 Bb7 6. d4 Ne4 7. Qc2 Nxc3 8.
bxc3 Nc6 9. O-O Na5 10. c5 O-O 11. Rb1 d6 12. e4 dxc5 13. dxc5 e5 14. Bg5 Qd7
15. Qe2 Qc6 16. cxb6 cxb6 17. Nd2 Qe6 18. Nb3 Nc4 19. Nc5 bxc5 20. Rxb7 Nb6 21.
Qa6 f6 22. Be3 Qc8 23. Rd1 Rf7 24. Rxb6 axb6 25. Qxb6 Bf8 26. Bf1 c4 27. Qb5
Rc7 28. Bh3 f5 29. exf5 Rxa2 30. Qd5+ Kh8 31. Qxe5+ Kg8 32. Qd5+ Kh8 33. Bd4+
Rg7 34. f6 1-0

[Event "USCL Week 9"]
[Site "Internet Chess Club"]
[Date "2015.10.21"]
[Round "?"]
[White "Kamberi, Sonny"]
[Black "Vazquez, Guillermo"]
[Result "0-1"]
[WhiteElo "2366"]
[BlackElo "2546"]
[PlyCount "96"]
[EventDate "2015.??.??"]

1. d4 Nf6 2. c4 e6 3. Nc3 Bb4 4. Qc2 O-O 5. a3 Bxc3+ 6. Qxc3 d6 7. Bg5 h6 8.
Bh4 b6 9. Nf3 Bb7 10. e3 Nbd7 11. Be2 Qe7 12. O-O g5 13. Bg3 Ne4 14. Qc2 f5 15.
Nd2 e5 16. dxe5 Nxe5 17. Rad1 Rae8 18. Bxe5 Qxe5 19. Nxe4 Bxe4 20. Bd3 Bb7 21.
b4 c5 22. Rfe1 Rf6 23. Bf1 Kg7 24. Qa4 Re7 25. bxc5 dxc5 26. Rd8 f4 27. Qd1 Bc6
28. Qd2 Rfe6 29. e4 g4 30. f3 Rg6 31. Kh1 Kh7 32. Rf8 gxf3 33. Qxf4 Bxe4 34.
Qxe5 Rxe5 35. Rxf3 Rge6 36. Rxe4 Rxe4 37. Bd3 Kg7 38. Bxe4 Rxe4 39. Kg1 Rxc4
40. Rd3 Rd4 41. Rxd4 cxd4 42. Kf2 Kf6 43. Kf3 Ke5 44. g4 b5 45. h4 a5 46. g5
hxg5 47. hxg5 b4 48. axb4 axb4 0-1

[Event "USCL Week 9"]
[Site "Internet Chess Club"]
[Date "2015.10.21"]
[Round "?"]
[White "Onischuk, Alex"]
[Black "Naroditsky, Daniel"]
[Result "1/2-1/2"]
[WhiteElo "2742"]
[BlackElo "2711"]
[PlyCount "116"]
[EventDate "2015.??.??"]

1. d4 Nf6 2. c4 e6 3. Nc3 Bb4 4. f3 c5 5. d5 O-O 6. e4 d6 7. Bd3 Nbd7 8. Nge2
Ne5 9. O-O exd5 10. cxd5 a6 11. Bc2 c4 12. Be3 b5 13. Bd4 Ned7 14. f4 Re8 15.
Ng3 Bc5 16. Bxc5 Nxc5 17. Qd4 b4 18. Na4 b3 19. axb3 cxb3 20. Bb1 Nxa4 21. Rxa4
Bd7 22. Ra3 Bb5 23. Re1 Rc8 24. Rxb3 Rc4 25. Qd2 Qb6+ 26. Qf2 Qc7 27. h3 Nxd5
28. Nh5 g6 29. Rd3 gxh5 30. Rxd5 Rc5 31. Kh2 Rxd5 32. exd5 Rxe1 33. Qxe1 Qc4
34. Qg3+ Kf8 35. Qg5 Qc1 36. Qd8+ Kg7 37. Qg5+ Kf8 38. Bxh7 Qxb2 39. Qd8+ Be8
40. Qxd6+ Kg7 41. Bd3 Bb5 42. Bxb5 axb5 43. Qc5 Qd2 44. d6 Qxf4+ 45. Kg1 Qd2
46. Qe5+ Kg6 47. g4 hxg4 48. hxg4 b4 49. Qf5+ Kg7 50. Qe5+ Kg6 51. Qf5+ Kg7 52.
d7 b3 53. Qe5+ Kg6 54. Qf5+ Kg7 55. g5 Qd1+ 56. Kf2 Qc2+ 57. Qxc2 bxc2 58. d8=Q
c1=Q 1/2-1/2

[Event "USCL Week 9"]
[Site "Internet Chess Club"]
[Date "2015.10.21"]
[Round "?"]
[White "Moskow, Eric"]
[Black "Hobosyan, Mkhitar"]
[Result "1-0"]
[WhiteElo "2100"]
[BlackElo "1930"]
[PlyCount "169"]
[EventDate "2015.??.??"]

1. Nf3 Nf6 2. g3 b6 3. Bg2 Bb7 4. O-O g6 5. b3 Bg7 6. Bb2 O-O 7. c4 c5 8. Nc3
d6 9. d4 cxd4 10. Qxd4 Nbd7 11. Nd5 Ne8 12. Qd2 Bxb2 13. Qxb2 e6 14. Ne3 Qf6
15. Qxf6 Ndxf6 16. Nd4 Bxg2 17. Kxg2 Nc7 18. Rac1 d5 19. cxd5 Ncxd5 20. Nc4 a6
21. Rfd1 b5 22. Ne5 Rfc8 23. Ndc6 Kf8 24. Kf3 Ne7 25. e4 Nxc6 26. Nxc6 Ke8 27.
Ne5 Rxc1 28. Rxc1 Nd7 29. Nxd7 Kxd7 30. Kf4 f6 31. h4 e5+ 32. Ke3 f5 33. Rc5
Kd6 34. Rc2 Rf8 35. b4 f4+ 36. gxf4 Rxf4 37. Rc8 Rxh4 38. Ra8 Rh3+ 39. f3 Rh2
40. Rxa6+ Kc7 41. a3 Rh5 42. Re6 Kb7 43. Rd6 Kc7 44. Rd5 Kb6 45. Rc5 Rg5 46.
Kf2 h5 47. Rc8 Kb7 48. Re8 Kc7 49. Rh8 Kc6 50. Rh7 Kd6 51. Rh8 Kc6 52. Rb8 Kc7
53. Rxb5 h4 54. Rc5+ Kb6 55. Rc1 h3 56. Rg1 Rh5 57. a4 h2 58. Rh1 Rh8 59. Kg3
Ra8 60. a5+ Kb5 61. Rxh2 Kxb4 62. Rb2+ Kc4 63. Rb6 Rxa5 64. Rxg6 Ra8 65. Kg4
Rf8 66. Rd6 Rf4+ 67. Kg3 Rf8 68. Rd5 Rg8+ 69. Kh4 Re8 70. Kg5 Rf8 71. Kg4 Rg8+
72. Kf5 Rf8+ 73. Kxe5 Rxf3 74. Rd8 Rh3 75. Kf5 Rh5+ 76. Kf6 Rh6+ 77. Kg5 Rh1
78. e5 Kc5 79. e6 Re1 80. Kf6 Kc6 81. e7 Rf1+ 82. Kg5 Rg1+ 83. Kf4 Rf1+ 84. Kg3
Re1 85. e8=Q+ 1-0

[Event "USCL Week 9"]
[Site "Internet Chess Club"]
[Date "2015.10.21"]
[Round "?"]
[White "Nyzhnyk, Illya"]
[Black "Barcenilla, Rogelio"]
[Result "1/2-1/2"]
[WhiteElo "2725"]
[BlackElo "2587"]
[PlyCount "117"]
[EventDate "2015.??.??"]

1. e4 d6 2. d4 Nd7 3. Nf3 e5 4. Nc3 Ngf6 5. Bc4 Be7 6. O-O O-O 7. Re1 c6 8. a4
Qc7 9. h3 h6 10. Be3 Re8 11. Nh4 d5 12. exd5 Nb6 13. Bb3 e4 14. dxc6 bxc6 15.
Ng6 Bd6 16. Ne5 Nbd5 17. Bxd5 cxd5 18. Nb5 Qd8 19. Nxd6 Qxd6 20. Ra3 Nd7 21.
Bf4 Nxe5 22. dxe5 Qc6 23. Rg3 Bf5 24. b3 Kh7 25. Be3 Rxe5 26. Qh5 Qd7 27. Rxg7+
Kxg7 28. Qxh6+ Kg8 29. Bd4 Rae8 30. f4 R8e6 31. Qh4 f6 32. Re3 Qh7 33. Qf2 Bg6
34. fxe5 fxe5 35. Bc5 Qg7 36. Qh4 d4 37. Rg3 e3 38. Qd8+ Kh7 39. Rg4 Qg8 40.
Bf8 Qf7 41. Bb4 Kg7 42. Qh4 Qf5 43. Qg3 Qxc2 44. h4 Qxb3 45. h5 Qxb4 46. Rxg6+
Rxg6 47. Qxg6+ Kf8 48. Qf6+ Kg8 49. Qg6+ Kf8 50. Qf6+ Kg8 51. Qg6+ Kf8 52. Qf6+
Ke8 53. Qxe5+ Kd8 54. Qd5+ Kc7 55. Qe5+ Kd8 56. Qd5+ Kc7 57. Qe5+ Kd8 58. Qd5+
Kc7 59. Qe5+ 1/2-1/2

[Event "USCL Week 9"]
[Site "Internet Chess Club"]
[Date "2015.10.21"]
[Round "?"]
[White "Feng, Roland"]
[Black "Morshedi , Ali"]
[Result "1-0"]
[WhiteElo "2365"]
[BlackElo "2328"]
[PlyCount "111"]
[EventDate "2015.??.??"]

1. d4 Nf6 2. c4 c5 3. d5 e5 4. Nc3 d6 5. e4 Be7 6. h3 h5 7. Be3 Nbd7 8. Bd3 Nf8
9. Nge2 Ng6 10. g3 h4 11. g4 Nh7 12. f4 exf4 13. Nxf4 Ne5 14. Be2 Bd7 15. Qd2
O-O 16. O-O Bg5 17. Kh2 Qe7 18. Rf2 Rae8 19. Raf1 Nf6 20. Ng6 Nxg6 21. Bxg5
Qe5+ 22. Kg1 Nxe4 23. Nxe4 Qxe4 24. Bd3 Qd4 25. Bxg6 Qxd2 26. Rxd2 fxg6 27.
Rxf8+ Kxf8 28. Bf4 Re4 29. Bxd6+ Ke8 30. b3 b6 31. Kf2 Kd8 32. Re2 Rd4 33. Ke3
Rd1 34. Kf4 Rd3 35. Be7+ Kc8 36. Re3 Rd2 37. a3 a6 38. Kg5 b5 39. Bxc5 Rc2 40.
Bd4 bxc4 41. bxc4 Rxc4 42. Bxg7 Kc7 43. Be5+ Kb6 44. Kxg6 Kc5 45. Rc3 Rxc3 46.
Bxc3 Kxd5 47. Kg5 Ke4 48. Kf6 Kd5 49. Be1 Bb5 50. Kg5 Ke4 51. Kxh4 Kf3 52. Kh5
Bf1 53. h4 Bc4 54. g5 Kf4 55. Kh6 Kf5 56. Bc3 1-0

[Event "USCL Week 9"]
[Site "Internet Chess Club"]
[Date "2015.10.21"]
[Round "?"]
[White "Baker, Bruce"]
[Black "Golub, David"]
[Result "0-1"]
[WhiteElo "2329"]
[BlackElo "2321"]
[PlyCount "118"]
[EventDate "2015.??.??"]

1. e4 c5 2. Nc3 a6 3. Nf3 d6 4. d4 cxd4 5. Nxd4 Nf6 6. Bc4 e6 7. Bb3 b5 8. O-O
b4 9. Na4 Bd7 10. c3 Nc6 11. Re1 Be7 12. f4 O-O 13. e5 Nd5 14. c4 Nxd4 15. Qxd4
dxe5 16. Qxe5 Bxa4 17. Bxa4 Nb6 18. Bc2 g6 19. Rd1 Qc8 20. b3 Qc5+ 21. Be3 Qxe5
22. fxe5 Rab8 23. Be4 Rfc8 24. Kf2 Rc7 25. Rac1 Nd7 26. Bd4 Bg5 27. Rc2 Bf4 28.
Re1 Bxe5 29. Bxe5 Nxe5 30. Ke3 f5 31. Bf3 Kf7 32. Rd2 Ke7 33. Red1 Rd7 34.
Rxd7+ Nxd7 35. Kf4 h6 36. Bc6 e5+ 37. Ke3 Nf6 38. h3 Rb6 39. Bf3 Rd6 40. Rc1
f4+ 41. Ke2 e4 42. Bg4 e3 43. Rc2 h5 44. Bf3 Kd7 45. h4 Rd4 46. g3 fxg3 47.
Kxe3 Rxh4 48. Rg2 g5 49. Rxg3 g4 50. Bb7 a5 51. Kf4 Rh2 52. Kg5 Kc7 53. Rg2 Rh3
54. Ba8 Nd7 55. Be4 Ne5 56. Bf5 Nf3+ 57. Kf4 Nh4 58. Rf2 Nxf5 59. Kxf5 Rf3+ 0-1

[Event "USCL Week 9"]
[Site "Internet Chess Club"]
[Date "2015.10.21"]
[Round "?"]
[White "Tiglon, Bryce"]
[Black "Costello, Alex"]
[Result "1-0"]
[WhiteElo "2305"]
[BlackElo "2137"]
[PlyCount "117"]
[EventDate "2015.??.??"]

1. e4 e5 2. Nf3 Nc6 3. Bb5 a6 4. Ba4 Nf6 5. O-O Be7 6. Bxc6 dxc6 7. d3 Qd6 8.
Nbd2 b5 9. b3 c5 10. a4 c6 11. Bb2 Nd7 12. Qe2 O-O 13. Rfe1 Bf6 14. Nf1 g6 15.
Ne3 Bg7 16. Nh4 Re8 17. f4 Bf6 18. Qg4 h5 19. Nhf5 Qf8 20. Qf3 exf4 21. Bxf6
Nxf6 22. Ng3 Qd6 23. Rf1 fxg3 24. Qxf6 gxh2+ 25. Kh1 Qxf6 26. Rxf6 Be6 27. Kxh2
Kg7 28. Rf3 Red8 29. Kg3 Rd4 30. axb5 cxb5 31. c4 bxc4 32. bxc4 Rd6 33. Ra5 Rc8
34. Kf4 f6 35. Nd5 Bxd5 36. exd5 g5+ 37. Ke3 Rb6 38. Rf2 Kg6 39. Rfa2 Kf5 40.
Rxa6 Re8+ 41. Kd2 Rb1 42. Kc3 Rc1+ 43. Kd2 Rce1 44. Kc3 R8e2 45. Rxe2 Rxe2 46.
d4 cxd4+ 47. Kxd4 Rxg2 48. c5 h4 49. c6 Rd2+ 50. Kc4 Ke5 51. Ra8 h3 52. Re8+
Kd6 53. Re6+ Kc7 54. Re7+ Kd8 55. Rh7 h2 56. Kc5 Re2 57. Kd6 Re8 58. Rxh2 g4
59. Ra2 1-0

[Event "USCL Week 10"]
[Site "Internet Chess Club"]
[Date "2015.10.27"]
[Round "?"]
[White "Pressman, Leif"]
[Black "Haskel, Jeffrey"]
[Result "1/2-1/2"]
[WhiteElo "2399"]
[BlackElo "2355"]
[PlyCount "49"]
[EventDate "2015.??.??"]

1. e4 b6 2. d4 Bb7 3. Bd3 e6 4. Nf3 Nf6 5. Qe2 d5 6. exd5 Qxd5 7. Nc3 Qh5 8.
Ne4 Be7 9. O-O O-O 10. Re1 Nbd7 11. Ng3 Bxf3 12. Nxh5 Bxe2 13. Nxf6+ Bxf6 14.
Bxe2 Rad8 15. Be3 c5 16. Rad1 g6 17. c3 cxd4 18. Bxd4 e5 19. Be3 e4 20. h3 Ne5
21. Bd4 Bg7 22. Bxe5 Bxe5 23. Rxd8 Rxd8 24. Rd1 Rxd1+ 25. Bxd1 1/2-1/2

[Event "USCL Week 10"]
[Site "Internet Chess Club"]
[Date "2015.10.27"]
[Round "?"]
[White "Paragua, Mark"]
[Black "Krush, Irina"]
[Result "1-0"]
[WhiteElo "2638"]
[BlackElo "2551"]
[PlyCount "55"]
[EventDate "2015.??.??"]

1. e4 c5 2. Nf3 e6 3. d4 cxd4 4. Nxd4 Nc6 5. Nc3 Qc7 6. Be3 a6 7. Qd2 Nf6 8. f3
Be7 9. g4 O-O 10. O-O-O b5 11. Kb1 Bb7 12. g5 Nh5 13. Nxc6 Bxc6 14. f4 b4 15.
Nd5 exd5 16. exd5 Bb7 17. Be2 g6 18. Bxh5 gxh5 19. f5 Qe5 20. Rhf1 Rfe8 21. Bd4
Qxd5 22. g6 Bf8 23. gxf7+ Kxf7 24. Qg5 Re4 25. Qxh5+ Ke7 26. Bb6 Qg8 27. f6+
Ke6 28. Qf5+ 1-0

[Event "USCL Week 10"]
[Site "Internet Chess Club"]
[Date "2015.10.27"]
[Round "?"]
[White "Balakrishnan, Praveen"]
[Black "Rubenchik, Rodion"]
[Result "1-0"]
[WhiteElo "2422"]
[BlackElo "2331"]
[PlyCount "123"]
[EventDate "2015.??.??"]

1. e4 e6 2. d4 d5 3. Nc3 Bb4 4. e5 c5 5. a3 Bxc3+ 6. bxc3 Ne7 7. Qg4 Kf8 8. Bd3
Qa5 9. Bd2 Qa4 10. Ra2 Nbc6 11. Nf3 h6 12. O-O b6 13. Qh5 Ba6 14. dxc5 bxc5 15.
Be3 Bxd3 16. cxd3 Qb3 17. Raa1 Qxc3 18. Rfc1 Qxd3 19. Bxc5 Kg8 20. Bd6 Qf5 21.
Qxf5 exf5 22. Bxe7 Nxe7 23. Rc7 Ng6 24. Rd1 Nf4 25. g3 Ne6 26. Rd7 g6 27. R1xd5
Kg7 28. Nd4 Nxd4 29. Rxd4 Rhe8 30. f4 Kf8 31. Ra4 Re7 32. Rxe7 Kxe7 33. Ra6 h5
34. Kf2 Kd7 35. Ke3 Ke7 36. a4 Kd7 37. Kd4 Ke7 38. Kc5 h4 39. gxh4 Rh8 40.
Rxa7+ Ke6 41. Ra6+ Ke7 42. Rb6 Rxh4 43. Rb2 Rxf4 44. Ra2 Kd7 45. a5 Kc7 46. a6
Kb8 47. Kd6 Rh4 48. Rb2+ Ka7 49. Rb7+ Kxa6 50. Rxf7 Rxh2 51. e6 Kb6 52. e7 Rd2+
53. Ke6 Re2+ 54. Kf6 f4 55. Kxg6 Kc5 56. Kg7 Kd5 57. Kf8 Rxe7 58. Kxe7 Ke4 59.
Kf6 f3 60. Kg5 Ke3 61. Kg4 f2 62. Kg3 1-0

[Event "USCL Week 10"]
[Site "Internet Chess Club"]
[Date "2015.10.27"]
[Round "?"]
[White "Minear, Peter"]
[Black "Molner, Mackenzie"]
[Result "1/2-1/2"]
[WhiteElo "2353"]
[BlackElo "2592"]
[PlyCount "71"]
[EventDate "2015.??.??"]

1. e4 c5 2. c3 d5 3. exd5 Qxd5 4. d4 Nf6 5. Nf3 Bg4 6. Be2 e6 7. O-O Be7 8. Be3
cxd4 9. Nxd4 Bxe2 10. Qxe2 O-O 11. c4 Qa5 12. Nc3 Nc6 13. Rac1 Rac8 14. b3 a6
15. Rfd1 Rfd8 16. Nxc6 Rxc6 17. Rxd8+ Qxd8 18. h3 h6 19. Qc2 Qa5 20. Rd1 Rd6
21. Rxd6 Bxd6 22. g3 Kf8 23. Qd3 Qc7 24. Bd4 Be5 25. Qe3 Bxd4 26. Qxd4 Ke7 27.
Ne4 Nxe4 28. Qxe4 a5 29. h4 h5 30. Kf1 b6 31. Ke2 Qc5 32. Qb7+ Kf6 33. Qf3+ Ke7
34. Qb7+ Kf6 35. Qf3+ Ke7 36. Qb7+ 1/2-1/2

[Event "USCL Week 10"]
[Site "Internet Chess Club"]
[Date "2015.10.27"]
[Round "?"]
[White "Stripunsky, Alex"]
[Black "Bartell, Tom"]
[Result "1-0"]
[WhiteElo "2661"]
[BlackElo "2483"]
[PlyCount "81"]
[EventDate "2015.??.??"]

1. d4 Nf6 2. c4 e6 3. Nc3 Bb4 4. f3 O-O 5. a3 Bxc3+ 6. bxc3 Nh5 7. Nh3 f5 8.
Bg5 Nf6 9. e3 d6 10. Bd3 h6 11. Bh4 Nc6 12. Qb1 Qe8 13. O-O g5 14. Be1 b6 15.
Nf2 Ba6 16. c5 Bxd3 17. Nxd3 bxc5 18. dxc5 Rb8 19. Qc2 d5 20. c4 d4 21. exd4
Nxd4 22. Qf2 Nc6 23. Bc3 e5 24. Rfe1 e4 25. Nb4 Qe6 26. Rad1 Nxb4 27. axb4 Qxc4
28. Bxf6 Rxf6 29. fxe4 Qf7 30. e5 Re6 31. Qa2 a6 32. c6 Rbe8 33. Rd7 R6e7 34.
Qxa6 Qe6 35. b5 f4 36. Rxe7 Rxe7 37. Qa3 Re8 38. Qb4 Qd5 39. b6 cxb6 40. c7 Kf7
41. e6+ 1-0

[Event "USCL Week 10"]
[Site "Internet Chess Club"]
[Date "2015.10.27"]
[Round "?"]
[White "Perl, Joe"]
[Black "Kavi, Nithin"]
[Result "0-1"]
[WhiteElo "2097"]
[BlackElo "2175"]
[PlyCount "63"]
[EventDate "2015.??.??"]

1. e4 c5 2. Nf3 d6 3. Bb5+ Bd7 4. Bxd7+ Qxd7 5. c4 Nf6 6. Nc3 Nc6 7. d4 cxd4 8.
Nxd4 g6 9. f3 Bg7 10. Be3 O-O 11. O-O Rac8 12. b3 Ne5 13. Rc1 Rfd8 14. Qd2 a6
15. Rfd1 Qe8 16. Nde2 Nfd7 17. Bg5 Nc5 18. Nd5 Nc6 19. Nec3 Ne6 20. Be3 Ncd4
21. Qf2 Nc6 22. f4 Nc5 23. f5 Ne5 24. Nf4 h6 25. fxg6 fxg6 26. Bxc5 dxc5 27.
Rxd8 Rxd8 28. Rd1 Nd3 29. Qd2 Bxc3 30. Qxc3 Nxf4 31. Rxd8 Qxd8 32. Kf1 0-1

[Event "USCL Week 10"]
[Site "Internet Chess Club"]
[Date "2015.10.27"]
[Round "?"]
[White "Korley, Kassa"]
[Black "Gurevich, Daniel"]
[Result "1-0"]
[WhiteElo "2485"]
[BlackElo "2449"]
[PlyCount "117"]
[EventDate "2015.??.??"]

1. d4 Nf6 2. Nf3 e6 3. c4 Bb4+ 4. Nbd2 O-O 5. g3 c5 6. a3 Bxd2+ 7. Qxd2 Qc7 8.
dxc5 Qxc5 9. Qd4 b6 10. b4 Qxd4 11. Nxd4 Bb7 12. f3 Nc6 13. Nb5 Ne8 14. Bf4 a6
15. Nd6 e5 16. Nxb7 exf4 17. Rd1 Ra7 18. Nd6 Nxd6 19. Rxd6 Ne5 20. c5 bxc5 21.
bxc5 Nc4 22. Rd3 Rc8 23. gxf4 Rxc5 24. Kf2 f5 25. e4 Kf7 26. Rd5 Rac7 27. Bxc4
Rxc4 28. Rxf5+ Ke7 29. Re5+ Kf7 30. Rd1 Rc2+ 31. Kg3 Ra2 32. Ra5 Rcc2 33. f5
Ke7 34. Rxa6 Rxh2 35. Rad6 g5 36. fxg6 hxg6 37. Rxd7+ Kf6 38. R1d6+ Kg5 39. f4+
Kh6 40. f5 Rhg2+ 41. Kf4 Rxa3 42. f6 Ra5 43. Rd5 Ra1 44. Rd2 Rf1+ 45. Ke5 Rg4
46. Re2 Kg5 47. Rf7 Rff4 48. Rf8 Rf1 49. Ke6 Ra1 50. e5 Ra7 51. Rd8 Rb4 52. Rd7
Ra8 53. Ke7 Rbb8 54. f7 Kf5 55. e6 g5 56. Rf2+ Ke5 57. Rg2 Kf4 58. Kf6 g4 59.
Rd4+ 1-0

[Event "USCL Week 10"]
[Site "Internet Chess Club"]
[Date "2015.10.27"]
[Round "?"]
[White "Iyer, Venkat"]
[Black "Bromberg, Joshua"]
[Result "0-1"]
[WhiteElo "2186"]
[BlackElo "2004"]
[PlyCount "134"]
[EventDate "2015.??.??"]

1. b3 c5 2. e3 Nc6 3. Bb2 e5 4. Bb5 Nge7 5. Nf3 d6 6. d4 cxd4 7. exd4 e4 8.
Nfd2 d5 9. c4 a6 10. Ba4 Be6 11. O-O f5 12. Re1 Ng6 13. f3 Bb4 14. Bc3 O-O 15.
cxd5 Bxc3 16. Nxc3 b5 17. dxe6 Qxd4+ 18. Kh1 Qxc3 19. Rc1 Qd3 20. Rxc6 Rfd8 21.
fxe4 Qxd2 22. Qxd2 Rxd2 23. exf5 Ne7 24. Rc7 Nxf5 25. g4 Nd4 26. Re3 Re8 27.
Rd7 Re2 28. Rxe2 Nxe2 29. Bxb5 axb5 30. e7 Kf7 31. Rd5 Nc3 32. Rc5 Nxa2 33.
Rxb5 Rxe7 34. Kg2 Re4 35. Rb7+ Kf6 36. Ra7 Nc1 37. Kf3 Re7 38. Ra6+ Ke5 39. Rb6
Kd4 40. Rd6+ Kc5 41. Rd8 Nxb3 42. h4 Nd4+ 43. Kg3 Re3+ 44. Kg2 Nc6 45. Rh8 h6
46. g5 hxg5 47. hxg5 Re5 48. Kf3 Rxg5 49. Kf4 Rg1 50. Rg8 Kd6 51. Kf3 Ne7 52.
Rd8+ Ke6 53. Rd4 Nf5 54. Ra4 Kf6 55. Kf2 Rg3 56. Ra6+ Kg5 57. Ra5 Rd3 58. Ke2
Rd4 59. Kf2 Kg4 60. Ra1 g5 61. Rg1+ Kf4 62. Ra1 g4 63. Kg2 Rd2+ 64. Kg1 Nd4 65.
Rf1+ Kg3 66. Ra1 Nf3+ 67. Kf1 Rf2# 0-1

[Event "USCL Week 10"]
[Site "Internet Chess Club"]
[Date "2015.10.27"]
[Round "?"]
[White "Balleisen, Aaron"]
[Black "Corallo, Michael"]
[Result "0-1"]
[WhiteElo "2282"]
[BlackElo "2359"]
[PlyCount "82"]
[EventDate "2015.??.??"]

1. d4 Nf6 2. c4 g6 3. Nc3 d5 4. e3 Bg7 5. Qb3 e6 6. Qa3 a5 7. Bd2 Nc6 8. Rc1
Nb4 9. cxd5 O-O 10. dxe6 Bxe6 11. Nf3 Bf5 12. Qb3 c5 13. a3 Nd3+ 14. Bxd3 Bxd3
15. dxc5 Ba6 16. Nb5 Ne4 17. a4 Qd7 18. Rc4 Qd5 19. Qc2 Nxd2 20. Nxd2 Qxg2 21.
Qe4 Qg5 22. Nf3 Qh5 23. Qg4 Qd5 24. Qe4 Qc6 25. Qxc6 bxc6 26. Nd6 Bxc4 27. Nxc4
Rfb8 28. Nb6 Ra7 29. Ke2 Bf8 30. Ne5 Bxc5 31. Nbc4 Rc7 32. Nxa5 Rxb2+ 33. Kf3
Bf8 34. Rc1 Rb4 35. Rc4 c5 36. Nd3 Rb6 37. Rc3 Ra6 38. Nb3 Rxa4 39. Nbxc5 Ra5
40. Ne4 Rxc3 41. Nxc3 Ra3 0-1